000 00589cam a2200157 4500
001 WB3533-35
008 000000n1999 000 0 eng u
035 _a(Sirsi) u102618
245 _aValuers' duty explained.
260 _c1999
490 _aEstates Gazette
_v(9933) 21 August 1999, 76(1)
520 _aDiscusses the CA decision in Merivale Moore plc v Strutt & Parker, which concerned a valuation of a medium-term leasehold and which outlined the duties of a valuer.
650 _aMERIVALE MOORE PLC AND ANOTHER V STRUTT AND PARKER
690 _aRATING AND VALUATION
942 _n0
999 _c61614
_d61614